000 01359cam a22003134a 4500
001 13695220
003 OSt
005 20210414113931.0
008 040823s2005 vau b 001 0 eng
010 _a 2004019976
020 _a1844071383 (pbk.)
020 _a1844071375 (hardback)
040 _aDLC
_cDLC
_dDLC
042 _apcc
050 0 0 _aG156.5.E26B85
082 0 0 _a338.4/791
_222
100 1 _aBulbeck, Chilla,
_d1951-
245 1 0 _aFacing the wild :ecotourism, conservation, and animal encounters. /
_cChilla Bulbeck.
260 _aLondon :
_aSterling Va :
_bEarthscan,
_c2005.
300 _axxiii, 312 p. :
_bill. ;
_c24cm.
504 _aIncludes bibliographical references (p. [268]-307) and index.
505 _aContents: Back to nature tourism: Zoos and circuses -- Animals as ambassadors for conservation -- So long and thanks for all the fish -- The Nature of modern society: Recapturing lost meanings -- Loving knowing -- Respectful stewardship of a hybrid nature.
650 0 _aEcotourism.
650 0 _aNature conservation.
856 4 1 _3Table of contents
_uhttp://www.loc.gov/catdir/toc/ecip0422/2004019976.html
906 _a7
_bcbc
_corignew
_d1
_eecip
_f20
_gy-gencatlg
942 _2lcc
_cBK
999 _c785
_d8285